00518nam a2200121Ia 4500008004100000100002500041245006900066245008600135260000900221300003100230440005600261650007900317171207s9999 xx 000 0 und d aSchriber, Roberta A. aDispositional contempt: A first look at the contemptuous person. cSchriber, Roberta A.; Chung, Joanne M.; Sorensen, Katherine S.; Robins, Richard W c2017 apages 280-309, August 2017 aJournal of Personality and Social Psychologyv113:2 aCONTEMPT, SOCIAL EMOTION, EMOTION DISPOSITION, AFFECTIVE BIAS, PERSONALITY